Territorio infinito / (Record no. 1170)
[ view plain ]
| 000 -LEADER | |
|---|---|
| campo de control de longitud fija | 01420nam a22002777a 4500 |
| 008 - DATOS DE LONGITUD FIJA--INFORMACIÓN GENERAL | |
| campo de control de longitud fija | 170401s2016 cr||||| |||| 00| 0 spa d |
| 020 ## - NÚMERO INTERNACIONAL ESTÁNDAR DEL LIBRO | |
| Número Internacional Estándar del Libro | 9789930958407 |
| 082 04 - NÚMERO DE LA CLASIFICACIÓN DECIMAL DEWEY | |
| Número de clasificación | 708 |
| Número de ítem | R696t |
| 100 1# - ENTRADA PRINCIPAL--NOMBRE DE PERSONA | |
| Nombre de persona | Rodríguez, Léster. |
| 9 (RLIN) | 3637 |
| 245 10 - MENCIÓN DEL TÍTULO | |
| Título | Territorio infinito / |
| Mención de responsabilidad, etc. | Léster Rodríguez ; coordinado por María José Chavarría ; traducción por Natasha Mclver ; fotografías por Adriana Artavia Vindas ; Museo de Arte y Diseño Contemporáneo (MADC). |
| 250 ## - MENCION DE EDICION | |
| Mención de edición | 1a ed. |
| 260 ## - PUBLICACIÓN, DISTRIBUCIÓN, ETC. | |
| Lugar de publicación, distribución, etc. | San José, Costa Rica : |
| Nombre del editor, distribuidor, etc. | MADC, |
| Fecha de publicación, distribución, etc. | 2016. |
| 300 ## - DESCRIPCIÓN FÍSICA | |
| Extensión | 46 p. |
| Otras características físicas | il. col. |
| 500 ## - NOTA GENERAL | |
| Nota general | Catálogo publicado con motivo a la exhibición "Territorio infinito", presentada del 14 de mayo al 8 de julio de 2015, en el Museo de Arte y Diseño Contemporáneo (MADC). |
| 505 0# - NOTA DE CONTENIDO CON FORMATO | |
| Título | Partiendo del territorio infinito |
| Mención de responsabilidad | María José Chavarría. |
| Título | Imagen, mapa y poder en la obra de Léster Rodríguez |
| Mención de responsabilidad | Pablo José Ramírez. |
| Título | Conjuntos finitos: a propósito de la educación en un museo |
| Mención de responsabilidad | Antonieta Sibaja Hidalgo. |
| 653 10 - TÉRMINO DE INDIZACIÓN--NO CONTROLADO | |
| Término no controlado | Arte contemporáneo |
| 653 10 - TÉRMINO DE INDIZACIÓN--NO CONTROLADO | |
| Término no controlado | Catálogo de exhibición |
| 653 10 - TÉRMINO DE INDIZACIÓN--NO CONTROLADO | |
| Término no controlado | Exhibiciones |
| 653 10 - TÉRMINO DE INDIZACIÓN--NO CONTROLADO | |
| Término no controlado | Instalación |
| 653 10 - TÉRMINO DE INDIZACIÓN--NO CONTROLADO | |
| Término no controlado | Arte Centroamericano |
| 653 10 - TÉRMINO DE INDIZACIÓN--NO CONTROLADO | |
| Término no controlado | Arte - Honduras |
| 700 1# - ENTRADA AGREGADA--NOMBRE PERSONAL | |
| Nombre de persona | Chavarría, María José |
| Término indicativo de función/relación | coordinadora. |
| 9 (RLIN) | 2428 |
| 700 1# - ENTRADA AGREGADA--NOMBRE PERSONAL | |
| Nombre de persona | Mclver, Natasha |
| Término indicativo de función/relación | traductora. |
| 9 (RLIN) | 3967 |
| 700 1# - ENTRADA AGREGADA--NOMBRE PERSONAL | |
| Nombre de persona | Artavia Vindas, Adriana. |
| Término indicativo de función/relación | fotógrafa. |
| 9 (RLIN) | 5771 |
| 710 1# - ENTRADA AGREGADA--NOMBRE DE ENTIDAD CORPORATIVA | |
| Nombre de entidad corporativa o nombre de jurisdicción como elemento de entrada | Museo de Arte y Diseño Contemporáneo (MADC). |
| 9 (RLIN) | 5772 |
| Estatus retirado | Estado de pérdida | Fuente del sistema de clasificación o colocación | Estado de daño | No para préstamo | Biblioteca de origen | Biblioteca actual | Ubicación en estantería | Fecha de adquisición | Total de préstamos | Signatura topográfica completa | Código de barras | Visto por última vez | Precio de reemplazo | Tipo de ítem Koha |
|---|---|---|---|---|---|---|---|---|---|---|---|---|---|---|
| Clasificación Decimal Dewey | Biblioteca LadoV | Biblioteca LadoV | 01/04/2017 | 708 R696t | 004349 | 01/04/2017 | 01/04/2017 | Material 01 |
